000 00619nam a2200193 i 4500
001 84549
003 ES-MaACL
005 20230906175033.0
007 t|
008 041123s1975 sp ||||1| spa d
100 1 _aJeanson, Francis.
_966259
245 1 0 _aJean-Paul Sartre en su vida /
_cFrancis Jeason ; [traducción de M.S. de Mora Charles ; Javier Echevarría Ezponda].
250 _a[1ª ed.].
260 _aBarcelona :
_bBarral,
_c1975.
300 _a329 p. ;
_c20 cm.
700 1 _aMora Charles, María Sol de.
_982874
700 1 _aEchevarría Ezponda, Javier.
_946560
852 _aES-MaACL
_jE-7133
_bR.91446
999 _c84549
_d84549